Agresividad en el contexto escolar
Uloženo v:
| Hlavní autor: | |
|---|---|
| Médium: | Kniha |
| Jazyk: | španělština |
| Vydáno: |
Buenos Aires
Lumen
2007
|
| Témata: | |
| Tagy: |
Přidat tag
Žádné tagy, Buďte první, kdo vytvoří štítek k tomuto záznamu!
|
MARC
| LEADER | 00000nam a22000007a 4500 | ||
|---|---|---|---|
| 003 | CL-ChBUA | ||
| 005 | 20120815091620.0 | ||
| 008 | 090416s2007 ag ||||| |||| 000 ||spa | ||
| 020 | |a 9789870006992 | ||
| 040 | |a CL-ChBUA |c CL-ChBUA | ||
| 082 | 0 | 0 | |a 371.782 |
| 090 | |c 26172 |d 26172 | ||
| 100 | 1 | |a Torres, María Viviana | |
| 245 | 1 | 0 | |a Agresividad en el contexto escolar |
| 260 | |a Buenos Aires |b Lumen |c 2007 | ||
| 300 | |a 237 p. |c 23 cm. | ||
| 504 | |a bibl., índice | ||
| 650 | 4 | |a AGRESIVIDAD INFANTIL | |
| 650 | 4 | |a PSICOLOGIA INFANTIL | |
| 942 | |c LIB | ||
| 952 | |0 0 |1 0 |2 ddc |4 0 |6 371_782000000000000_T_693 |7 0 |9 61565 |a UNACH |b UNACH |c 300 |d 2009-04-16 |i 44.915 |l 2 |o 371.782 / T 693 |p 62700 |r 2025-03-28 00:00:00 |s 2015-06-03 |u 61565 |w 2012-08-08 |y LIB | ||
| 999 | |c 26172 |d 26172 | ||